000 02357cam a22005774i 4500
003 PE-LiUPU
005 20250731172840.0
008 130905s2013 be b 001 0 eng d
020 _a9042929197
020 _a9789042929197
035 _a(Sirsi) i9789042929197
040 _aERASA
_bspa
_erda
_cERASA
_dYDXCP
_dBTCTA
_dOHX
_dCHVBK
_dSP1
_dCDX
_dTXA
_dMUU
_dOCLCA
_dDEBBG
_dIUL
_dOCLCF
_dPE-LiUPU
049 _aPRUA
050 4 _aBL48-50
050 4 _aBL65.V55
_bM37 2013
082 0 4 _a291.5697
_bM26
100 1 _aMartínez de Pisón L., Ramón,
_d1953- ,
_eautor.
245 1 0 _aFrom violence to peace :
_bdismantling the manipulation of religion /
_cRamón Martínez de Pisón.
264 1 _aLeuven :
_bPeeters,
_c2013.
300 _axv, 140 páginas ;
_c24 centímetros
336 _atext
_2rdacontent
337 _aunmediated
_2rdamedia
338 _avolume
_2rdacarrier
490 0 _aConflict, ethics, and spirituality ;
_v1
504 _aBibliografía : páginas 125-130.
504 _aÍndice : páginas 131-140.
505 0 _aHistorical perspectives on the religious justification of violence -- Contemporary violence in the names of Yahweh, Jesus Christ, and Allah -- Consequences of violence -- Towards an understanding of religion and violence -- Re-envisioning religion and culture -- Religion and public life.
526 _aSEG42
526 _aSEG41
526 _aSEG40
526 _aSEG39
526 _aP94
526 _aP87
526 _aP86
526 _aP85
526 _aP77
526 _aP76
526 _aP35
650 0 _aPaz
_xAspectos religiosos.
_91631
650 0 _aViolencia
_xAspectos religiosos.
650 7 _aÉtica.
_2gnd
856 4 1 _3Tabla de contenido :
_uhttp://www.peeters-leuven.be/toc/9789042929197.pdf
910 _ajck
_bjck
_cjck
_d20160525
942 _2ddc
_cBOOK
949 _a291.5697 M26
_wDEWEY
_c1
_i73110
_lCCODEBUL1
_mBUL
_p30.00
_r0
_sY
_tBOOK
_u2016-5-25
_xTEOLOGIA
_PP85
_0COMPRA
_o.STAFF. Posgrado
994 _aC0
_bPEPRU
856 4 1 _3Tabla de contenido :
_uhttp://www.peeters-leuven.be/toc/9789042929197.pdf
596 _a1
999 _a291.5697 M26
_wDEWEY
_c9505
_i73110
_f2021-11-11
_g5
_lCCODEBUL1
_mBUL
_p30.00
_r0
_sY
_tBOOK
_u2016-5-25
_xTEOLOGIA
_PP85
_0COMPRA
_o.STAFF. Posgrado
_d9505
980 _81
_gALBERTO SANCHEZ Responsable de Automatización